Курс общей физики: учебное пособие для втузов

Chi tiết về thư mục
Tác giả chính: Савельев И. В. Игорь Владимирович
Ngôn ngữ:Tiếng Nga
Được phát hành: Москва, Наука, 1970-
Phiên bản:4-е изд., перераб.
Định dạng: MixedMaterials Sách
KOHA link:https://koha.lib.tpu.ru/cgi-bin/koha/opac-detail.pl?biblionumber=52919

MARC

LEADER 00000nam1a2200000 4500
001 52919
005 20231031043507.0
035 |a (RuTPU)RU\TPU\book\55490 
035 |a RU\TPU\book\55474 
090 |a 52919 
100 |a 20030609d1970 m y0rusy50 ca 
101 0 |a rus 
102 |a RU 
200 1 |a Курс общей физики  |e учебное пособие для втузов  |f И. В. Савельев 
205 |a 4-е изд., перераб. 
210 |a Москва  |c Наука  |d 1970- 
700 1 |a Савельев  |b И. В.  |g Игорь Владимирович 
801 1 |a RU  |b 63413507  |c 20030609  |g PSBO 
801 2 |a RU  |b 63413507  |c 20030609  |g PSBO 
942 |c BK